000 00411nam a22001697a 4500
003 MPLRDC
005 20220104113633.0
008 210129b ||||| |||| 00| 0 eng d
082 _a857.621 NK-11 v.15
100 _a倪匡
245 _a困兽
_c
260 _a
_b天地图书有限公司
_c
300 _b
490 _a奇情科幻小说系列
650 _a科幻小说
942 _cBK
_o857.621 NK-11 v.15
999 _c1184
_d1174